Labour Market in the Czech Republic: DSGE Approach

Vývoj na českom trhu práce, ktorý je považovaný za najefektívnejší pracovný trh v Európe za posledné roky s najnižšou mierou nezamestnanosti. Porovnanie dvoch verzií modelu DSGE: odhad parametrov, analýza impulznej odozvy, štandardná odchýlka a krížové korelácie a rekurzívna prognóza. Rozklad premen...

Celý popis

Uložené v:
Podrobná bibliografia
Hlavný autor: Železník, Martin
Médium: Kapitola
Jazyk:English
Predmet:
Tagy: Pridať tag
Žiadne tagy, Buďte prvý, kto otaguje tento záznam!

MARC

LEADER 00000naa a2200000 4500
001 0249113
005 20240416105815.7
041 0 |a eng 
044 |a CZ 
245 1 0 |a Labour Market in the Czech Republic: DSGE Approach  |c Martin Železník 
520 |a Vývoj na českom trhu práce, ktorý je považovaný za najefektívnejší pracovný trh v Európe za posledné roky s najnižšou mierou nezamestnanosti. Porovnanie dvoch verzií modelu DSGE: odhad parametrov, analýza impulznej odozvy, štandardná odchýlka a krížové korelácie a rekurzívna prognóza. Rozklad premenných trhu práce. 
610 2 0 |a modely DSGE 
610 2 0 |a trh práce 
610 2 0 |a Česko 
610 2 0 |a vývoj hospodársky 
610 2 0 |a zamestnanosť 
100 1 |a Železník, Martin